Normal view
MARC view
Entry Personal Name
001 - CONTROL NUMBER
- control field: 132034
003 - CONTROL NUMBER IDENTIFIER
- control field: OSt
005 - DATE AND TIME OF LATEST TRANSACTION
- control field: 20220918214628.0
008 - FIXED-LENGTH DATA ELEMENTS
- fixed length control field: 220918|| aca||aabn | a|a d
040 ## - CATALOGING SOURCE
- Original cataloging agency: OSt
- Transcribing agency: OSt
100 ## - HEADING--PERSONAL NAME
- Personal name: Us. Commerce (Department of-)
670 ## - SOURCE DATA FOUND
- Source citation: Work cat.: (OSt)261449: Us. Commerce (Department of-) 132033, Population estimates for the provinces of the peoples republic of China , 1974
